| 000 | 01147nam a22003138i 4500 | ||
|---|---|---|---|
| 001 | 021332507 | ||
| 003 | EG-ScBUE | ||
| 005 | 20260215100821.0 | ||
| 008 | 241018s2024 ua a f b 000 0 eng d | ||
| 020 | _z9781649033178 | ||
| 040 |
_aStDuBDS _beng _erda _cStDuBDS _epn _dEG-ScBUE |
||
| 082 | 0 | 4 |
_a325.21 _222 _bMAK |
| 245 | 0 | 0 |
_aMaking routes : _bmobility and the politics of migration in the Global South / _cedited by Gerda Heck [and three others] ; foreword by Ibrahim Awad. |
| 264 | 1 |
_aCairo : _bThe American University in Cairo Press, _c2024. |
|
| 300 |
_axiv, 285 pages : _billustrations ; _c24 cm |
||
| 336 |
_atext _2rdacontent _btxt |
||
| 337 |
_aunmediated _2rdamedia _bn |
||
| 338 |
_avolume _2rdacarrier _bnc |
||
| 504 | _aIncludes bibliographical references. | ||
| 650 | 7 |
_aRefugees. _2BUEsh |
|
| 650 | 7 |
_aEmigration and immigration. _2BUEsh |
|
| 650 | 7 |
_aEmigration and immigration _xPolitical aspects. _2BUEsh |
|
| 653 |
_cFebruary2026 _bBUSBOL |
||
| 655 | _vReading book | ||
| 700 | 1 |
_aHeck, Gerda, _d1968- _eeditor. |
|
| 700 | 1 |
_aAwad, Ibrahim, _ewrite of introduction, etc. |
|
| 942 |
_2ddc _cBB |
||
| 999 |
_c31127 _d31098 |
||